[Event "Madrid ch Veteranos 2122"]
[Site "Madrid ESP"]
[Date "2022.04.07"]
[Round "9.21"]
[White "Barahona Torrijos, Angel"]
[Black "Marin Lopez, Juan Jose"]
[Result "1-0"]
[WhiteElo "1822"]
[BlackElo "1707"]
[PlyCount "135"]
[EventDate "2022.03.28"]
[EventType "swiss"]
[EventRounds "9"]
[EventCountry "ESP"]
[SourceTitle "Ajedrez en Madrid"]
[Source "lmi"]
[SourceDate "2022.03.28"]
[SourceVersion "1"]
[SourceVersionDate "2022.04.18"]
[SourceQuality "1"]

1. d4 f5 2. Bg5 h6 3. Bh4 g5 4. Bg3 Nf6 5. f3 Bg7 6. Nd2 d5 7. e3 O-O 8. c4 c5
9. cxd5 cxd4 10. e4 fxe4 11. fxe4 Ng4 12. Ngf3 Qa5 13. Qb3 Na6 14. d6+ e6 15.
Qb5 Qd8 16. e5 Bd7 17. Qd3 Nb4 18. Qb3 Nd5 19. h4 gxh4 20. Bxh4 Qb6 21. Qxb6
axb6 22. Bg3 Rac8 23. Bd3 Nde3 24. Ke2 Nxg2 25. Nc4 Nf4+ 26. Bxf4 Rxf4 27. Nxb6
Rd8 28. Nxd7 Rxd7 29. Rac1 Rdf7 30. Rc8+ Rf8 31. d7 Rxf3 32. d8=Q Rf2+ 33. Ke1
Rxd8 34. Rxd8+ Kf7 35. Rg1 Rf4 36. Rd7+ Kf8 37. Rxb7 Bxe5 38. Rf1 h5 39. Be2
Rxf1+ 40. Bxf1 Ne3 41. Bh3 Bg3+ 42. Kd2 e5 43. Kd3 Nd1 44. Bf5 Nf2+ 45. Ke2 h4
46. Be6 d3+ 47. Kf1 d2 48. Bb3 d1=Q+ 49. Bxd1 Nxd1 50. Rb3 Ke7 51. a4 Nf2 52.
Kg2 Ne4 53. a5 Nc5 54. Rb6 Kd7 55. a6 Nxa6 56. Rxa6 Kc7 57. Rh6 Kb7 58. Kf3 Kc7
59. Ke4 Kb7 60. Kd5 Kc7 61. b4 Kb7 62. b5 Kc7 63. b6+ Kb7 64. Kc5 h3 65. Rh7+
Ka8 66. Kc6 e4 67. b7+ Ka7 68. Rxh3 1-0

[Event "Madrid ch Veteranos 2122"]
[Site "Madrid ESP"]
[Date "2022.04.07"]
[Round "9.22"]
[White "Mendez Martinez, Miguel Angel"]
[Black "Lopez Del Moral Lopez de, Rafael"]
[Result "0-1"]
[WhiteElo "1763"]
[BlackElo "1432"]
[PlyCount "54"]
[EventDate "2022.03.28"]
[EventType "swiss"]
[EventRounds "9"]
[EventCountry "ESP"]
[SourceTitle "Ajedrez en Madrid"]
[Source "lmi"]
[SourceDate "2022.03.28"]
[SourceVersion "1"]
[SourceVersionDate "2022.04.18"]
[SourceQuality "1"]

1. c4 e5 2. Nc3 Nf6 3. e4 Bc5 4. Be2 O-O 5. Nf3 Nc6 6. Nxe5 Bxf2+ 7. Kxf2 Nxe5
8. d4 Ng6 9. h4 Re8 10. Bf3 d6 11. h5 Nh8 12. h6 Qd7 13. hxg7 Kxg7 14. Bh6+ Kg8
15. Bg5 Ng4+ 16. Kg3 f5 17. Nd5 Qg7 18. Bh6 Nxh6+ 19. Kf2 Ng4+ 20. Bxg4 fxg4
21. Qd2 Rf8+ 22. Kg3 Be6 23. Ne3 Ng6 24. b4 Rf7 25. Rh5 Raf8 26. Rah1 Rf2 27.
Nf5 R8xf5 0-1

[Event "Madrid ch Veteranos 2122"]
[Site "Madrid ESP"]
[Date "2022.04.07"]
[Round "9.23"]
[White "Lobato Palomo, Manuel"]
[Black "Caravantes Camacho, Fernando"]
[Result "1-0"]
[WhiteElo "1716"]
[BlackElo "1554"]
[PlyCount "67"]
[EventDate "2022.03.28"]
[EventType "swiss"]
[EventRounds "9"]
[EventCountry "ESP"]
[SourceTitle "Ajedrez en Madrid"]
[Source "lmi"]
[SourceDate "2022.03.28"]
[SourceVersion "1"]
[SourceVersionDate "2022.04.18"]
[SourceQuality "1"]

1. d4 Nf6 2. Bf4 c5 3. e3 cxd4 4. exd4 d5 5. c3 e6 6. Nd2 Bd6 7. Bg3 h5 8. Ngf3
Ne4 9. Bxd6 Nxd6 10. Bd3 Nd7 11. Qe2 Nb6 12. O-O Qf6 13. Ne5 Bd7 14. Nb3 Nbc4
15. Rfe1 b5 16. Nc5 Bc8 17. a4 Qf4 18. axb5 Nxe5 19. dxe5 Nb7 20. Na6 Kd7 21.
c4 Qd4 22. b4 Nd8 23. Nc5+ Kc7 24. Nb3 Qc3 25. Na5 Qxb4 26. Reb1 Qc5 27. cxd5
Qb6 28. d6+ Kd7 29. Rc1 Bb7 30. Rc7+ Ke8 31. Nxb7 Nxb7 32. Qf3 Nd8 33. Qxa8 Qd4
34. Re7+ 1-0

[Event "Madrid ch Veteranos 2122"]
[Site "Madrid ESP"]
[Date "2022.04.07"]
[Round "9.24"]
[White "Lopez Manso, Jeronimo"]
[Black "Villodre Miranda, Juan Alonso"]
[Result "0-1"]
[WhiteElo "1410"]
[BlackElo "1563"]
[PlyCount "138"]
[EventDate "2022.03.28"]
[EventType "swiss"]
[EventRounds "9"]
[EventCountry "ESP"]
[SourceTitle "Ajedrez en Madrid"]
[Source "lmi"]
[SourceDate "2022.03.28"]
[SourceVersion "1"]
[SourceVersionDate "2022.04.18"]
[SourceQuality "1"]

1. f4 b6 2. e4 Bb7 3. Nc3 a6 4. Nf3 d6 5. d4 Nf6 6. Bd3 Nbd7 7. O-O c5 8. d5 h6
9. Re1 g6 10. a4 Qc7 11. Bc4 O-O-O 12. Qe2 Nb8 13. e5 dxe5 14. Nxe5 Rh7 15. b3
Nxd5 16. Nxd5 Bxd5 17. Bxa6+ Nxa6 18. Qxa6+ Qb7 19. Qxb7+ Kxb7 20. c4 Be6 21.
a5 Bg7 22. a6+ Ka8 23. Rb1 Bxe5 24. fxe5 Ka7 25. Be3 Rb8 26. Red1 Rhh8 27. b4
Kxa6 28. bxc5 bxc5 29. Bxc5 Rxb1 30. Rxb1 Bxc4 31. Bxe7 Re8 32. Bf6 h5 33. Kf2
Bb5 34. Rd1 Rc8 35. Rd6+ Kb7 36. e6 fxe6 37. Rxe6 Rf8 38. Kg3 Bd3 39. Kh4 Kc7
40. Kg5 Kd7 41. Rb6 Bf5 42. Rb7+ Ke6 43. Bb2 Rc8 44. Rb6+ Kd5 45. Rb5+ Ke6 46.
g3 Rc2 47. h4 Rc4 48. Rb6+ Kd5 49. Rb5+ Kc6 50. Rxf5 gxf5 51. Kxf5 Rg4 52. Be5
Kd5 53. Bc7 Kd4 54. Bb8 Ke3 55. Bf4+ Kf3 56. Be5 Rg8 57. Bf4 Rg4 58. Ke5 Rxg3
59. Bg5 Kg4 60. Ke4 Ra3 61. Bf6 Ra8 62. Ke3 Re8+ 63. Kd2 Re6 64. Bg5 Rg6 65.
Kc3 Rd6 66. Kc4 Rd1 67. Kc3 Rh1 68. Kd3 Rxh4 69. Bxh4 Kxh4 0-1

[Event "Madrid ch Veteranos 2122"]
[Site "Madrid ESP"]
[Date "2022.04.07"]
[Round "9.26"]
[White "Medina Lucena, Emilio"]
[Black "Camarero Izquierdo, Juan Carlos"]
[Result "1/2-1/2"]
[WhiteElo "1303"]
[BlackElo "1861"]
[PlyCount "172"]
[EventDate "2022.03.28"]
[EventType "swiss"]
[EventRounds "9"]
[EventCountry "ESP"]
[SourceTitle "Ajedrez en Madrid"]
[Source "lmi"]
[SourceDate "2022.03.28"]
[SourceVersion "1"]
[SourceVersionDate "2022.04.18"]
[SourceQuality "1"]

1. d4 f5 2. c4 e6 3. Nc3 d5 4. g3 c6 5. cxd5 exd5 6. Bg2 Nf6 7. Bg5 Bd6 8. Nf3
O-O 9. Ne5 Nbd7 10. Nxd7 Bxd7 11. Bxf6 Rxf6 12. e3 Qe7 13. Qb3 f4 14. Bxd5+
cxd5 15. Nxd5 Qe6 16. Nxf6+ gxf6 17. Qxe6+ Bxe6 18. gxf4 Bb4+ 19. Ke2 Bc4+ 20.
Kd1 Bd5 21. Rg1+ Kf7 22. Rc1 Bf3+ 23. Kc2 Rc8+ 24. Kb3 Rxc1 25. Rxc1 Ba5 26. a4
Bd2 27. Rg1 h5 28. Kc2 Ba5 29. Kd3 f5 30. Rg3 Be4+ 31. Ke2 h4 32. Rg1 Bc6 33.
f3 Bxa4 34. Ra1 Bb5+ 35. Kf2 Bb6 36. Kg2 a5 37. Kh3 Bd8 38. Rc1 Be2 39. Kg2 a4
40. Rc8 Ke7 41. e4 Bb6 42. d5 h3+ 43. Kxh3 Bxf3 44. exf5 Bxd5 45. Rc2 Kf6 46.
Rd2 Bc6 47. Kg4 Be3 48. Re2 Bd4 49. h4 Bd7 50. Rd2 Bxf5+ 51. Kf3 Bc5 52. Kg3
Bf8 53. Kf3 b5 54. Ke3 Bc5+ 55. Ke2 Be4 56. Kd1 Kf5 57. h5 Be3 58. h6 Kxf4 59.
Rh2 Bh7 60. Rh5 Bd3 61. h7 Bd4 62. h8=Q Bxh8 63. Rxh8 Ke3 64. Rh3+ Kd4 65. Kd2
Bc4 66. Rh4+ Kc5 67. Kc3 b4+ 68. Kc2 Bf7 69. Kd3 Bg6+ 70. Ke3 Bc2 71. Kd2 Bb3
72. Kd3 Bd1 73. Rf4 Bb3 74. Rg4 Ba2 75. Kd2 Bb1 76. Kc1 Bd3 77. Kd2 Bc4 78. Kc1
b3 79. Kb1 Kb4 80. Ka1 a3 81. bxa3+ Kc3 82. Rg3+ Bd3 83. Rxd3+ Kxd3 84. Kb2 Kc4
85. a4 Kb4 86. a5 Kxa5 1/2-1/2

[Event "Madrid ch Veteranos 2122"]
[Site "Madrid ESP"]
[Date "2022.04.07"]
[Round "9.28"]
[White "Menendez Domens, Juan Manuel"]
[Black "Argelina Diaz, Juan Angel"]
[Result "1-0"]
[WhiteElo "1449"]
[BlackElo "1455"]
[PlyCount "105"]
[EventDate "2022.03.28"]
[EventType "swiss"]
[EventRounds "9"]
[EventCountry "ESP"]
[SourceTitle "Ajedrez en Madrid"]
[Source "lmi"]
[SourceDate "2022.03.28"]
[SourceVersion "1"]
[SourceVersionDate "2022.04.18"]
[SourceQuality "1"]

1. d4 e6 2. e3 c5 3. c3 d5 4. Nf3 Nc6 5. Bd3 f5 6. Nbd2 c4 7. Bc2 g5 8. Ba4 Bd7
9. Bxc6 Bxc6 10. Ne5 h5 11. Ndf3 g4 12. Nxc6 bxc6 13. Ne5 Qc7 14. Qa4 Ne7 15.
b3 cxb3 16. axb3 Bg7 17. Nd3 O-O 18. Nf4 Rf6 19. Nxh5 Rh6 20. Nxg7 Kxg7 21. e4
Rxh2 22. Rxh2 Qxh2 23. Qb4 Kf7 24. Bg5 Qc7 25. Bxe7 Qxe7 26. Qxe7+ Kxe7 27. e5
Kd7 28. Ke2 Kc7 29. Rh1 Re8 30. Ke3 Kb6 31. Kf4 c5 32. Rh7 cxd4 33. cxd4 a5 34.
Kg5 Kc6 35. Kf6 Rb8 36. Kxe6 Rxb3 37. Kxf5 a4 38. Kxg4 Rb7 39. Rh1 a3 40. Ra1
Ra7 41. Kf3 Kb5 42. Ke3 Kc4 43. f4 a2 44. e6 Ra3+ 45. Kf2 Kxd4 46. f5 Ke5 47.
e7 Ra8 48. g4 Kf6 49. e8=Q Rxe8 50. Rxa2 d4 51. Rd2 Re4 52. Kf3 Re3+ 53. Kf4
1-0